Theorie de l'intelligibilité
Guardado en:
| Autor principal: | |
|---|---|
| Formato: | Libro |
| Lenguaje: | francés |
| Publicado: |
Toulouse
EUS
1994
|
| Colección: | Collection Philosophie
|
| Materias: | |
| Etiquetas: |
Agregar Etiqueta
Sin Etiquetas, Sea el primero en etiquetar este registro!
|
MARC
| LEADER | 00000nam a2200000 a 4500 | ||
|---|---|---|---|
| 001 | UCP5568 | ||
| 003 | CL-VaPUC | ||
| 008 | 990927e19940000fr |||||||||||||||||fre|d | ||
| 082 | 0 | 4 | |a 128.3 |b ESP |2 21 |
| 100 | 0 | |a Espinoza, Miguel |e author |9 434068 | |
| 245 | 1 | 0 | |a Theorie de l'intelligibilité |
| 300 | |a 216 p | ||
| 942 | |c BK | ||
| 945 | |d 19990927 00:00:00 |a rbrito | ||
| 260 | |a Toulouse |b EUS |c 1994 | ||
| 650 | 0 | |a Inteligencia |9 267038 | |
| 650 | 0 | |a Metafísica |9 265649 | |
| 583 | |a last modification |c 20150507 04:03:15 |k Rodrigo Vera | ||
| 490 | 0 | |a Collection Philosophie | |
| 999 | |c 283300 |d 283298 | ||
| 952 | |0 0 |1 0 |4 0 |6 128_300000000000000_ESP_1994 |7 0 |8 A |9 326262 |a BIBEDU |b BIBEDU |d 2019-11-20 |i 347786K |l 1 |o 128.3 ESP 1994 |p 347786K |r 2025-04-21 |s 2025-04-21 |w 2019-11-20 |y BK |k FIL | ||